Ariel : (Registro nro. 23744)

Detalles MARC
000 -Cabecera
Campo de control interno 00440nam a2200181Ia 4500
005 - Fecha y hora del registro
control field 20260414150957.0
008 - Elementos de Longitud Fija
fixed length control field 260414t1974||||xx |||||||||||||| ||spa||
041 ## - Idioma
Codigo Idioma ESP
082 ## - DEWEY y NOTACIÓN INTERNA
Dewey 702
Notación Interna C28
100 ## - AUTOR
Autor denominación Carmi, T.
Término de relación autor
245 #0 - TÍTULO DE MATERIAL BIBLIOGRÁFICO
Título Ariel :
Título paralelo revista trimestral de artes y letras de Israel
260 ## - CIUDAD, EDITORIAL, AÑO
Año 1974
300 ## - DESCRIPCIÓN
N° Páginas 232 páginas :
Dimensiones 22 cm.
650 ## - TEMAS
Temas Las Artes
654 ## - PROGRAMAS
Programa Dpto. Arquitectura y Urbanismo
942 ## - ELEMENTOS DE KOHA
Tipo de documento Libro
Nombre del creador Justo Noguera
Código de catalogador Justo Noguera
Esquema de clasificación Dewey Decimal Classification
Suppress in OPAC
Existencias
Codigo completo Registro Colección Copia número Disponibilidad Tipo de préstamo Biblioteca Actual Procedencia (Biblioteca) Ubicacón Fecha Ingreso Tipo de Adquisición Date last seen Total checkouts Price effective from Tipo de Item Estado del Material Damaged status Withdrawn status
702 C28 U0008987 Universidad Católica San Pablo 1 Disponible Disponible Víctor Andrés Belaunde Víctor Andrés Belaunde Segundo piso 14/04/2026 Donación 14/04/2026   14/04/2026 Libro Bueno